| 000 | 01046nam a22002897a 4500 | ||
|---|---|---|---|
| 001 | 6971 | ||
| 003 | FISKH | ||
| 005 | 20250612112634.0 | ||
| 008 | 250612b cb ||||| |||| 00| 0 eng d | ||
| 020 | _a9780679847069 | ||
| 040 |
_aFISKH _beng _cFISKH _dFISKH |
||
| 050 | _a PZ7.M36353 L | ||
| 082 | _a813.2 | ||
| 100 | _aCooper, James Fenimore | ||
| 245 |
_aThe last of the mohicans : _bA stepping stone book / _cBy James Fenimore Cooper : adapted by Les Martin |
||
| 260 |
_aNew York : _bRandom House , _c1993. |
||
| 300 |
_a111 pages : _billustrations ; _c19 cm . |
||
| 505 | _aG | ||
| 520 | _aA simplified retelling of the story about the exploits of a young white man and his Mohican Indian friends during the French and Indian War. | ||
| 521 | 8 |
_a420
_bLexile |
|
| 521 | 8 |
_aG
_bRaz-Plus |
|
| 650 |
_aUnited States-History-French and India War , 1755-1763 _vJuvenile Fiction |
||
| 650 |
_aMohegan Indians _vJuvenile Fiction |
||
| 700 |
_aStirnweis, Shannon _eIllustrator |
||
| 942 |
_2ddc _cBK _n0 |
||
| 999 |
_c6971 _d6971 |
||